Saving Zasha / (Record no. 9167)

MARC details
000 -LEADER
fixed length control field 00914nam a22002777a 4500
001 - CONTROL NUMBER
control field 9167
003 - CONTROL NUMBER IDENTIFIER
control field FISKH
005 - DATE AND TIME OF LATEST TRANSACTION
control field 20251126125159.0
008 - FIXED-LENGTH DATA ELEMENTS--GENERAL INFORMATION
fixed length control field 251126b cb ||||| |||| 00| 0 eng d
020 ## - INTERNATIONAL STANDARD BOOK NUMBER
International Standard Book Number 9780545331203
040 ## - CATALOGING SOURCE
Original cataloging agency FISKH
Language of cataloging eng
Transcribing agency FISKH
Modifying agency FISKH
050 ## - LIBRARY OF CONGRESS CALL NUMBER
Classification number PZ7.B275677 S
082 ## - DEWEY DECIMAL CLASSIFICATION NUMBER
Classification number 813.6
100 ## - MAIN ENTRY--PERSONAL NAME
Personal name Barrow, Randi
Relator term Author
245 ## - TITLE STATEMENT
Title Saving Zasha /
Statement of responsibility, etc. Randi Barrow
260 ## - PUBLICATION, DISTRIBUTION, ETC.
Place of publication, distribution, etc. New York :
Name of publisher, distributor, etc. Scholastic Press ,
Date of publication, distribution, etc. 2011
300 ## - PHYSICAL DESCRIPTION
Extent 229 pages :
Dimensions 20 cm
505 ## - FORMATTED CONTENTS NOTE
Formatted contents note R<br/>
520 ## - SUMMARY, ETC.
Summary, etc. In 1945 Russia, those who own German shepherds are considered traitors, but thirteen-year-old Mikhail and his family are determined to keep the dog a dying man brought them, while his classmate Katia strives to learn his secret.<br/>
521 8# - TARGET AUDIENCE NOTE
Target audience note 670<br/>
Source Lexile<br/>
521 8# - TARGET AUDIENCE NOTE
Target audience note R<br/>
Source Raz-Plus<br/>
650 ## - SUBJECT ADDED ENTRY--TOPICAL TERM
Topical term or geographic name entry element Animal
Form subdivision Dog
650 ## - SUBJECT ADDED ENTRY--TOPICAL TERM
Topical term or geographic name entry element Realistic fiction
Form subdivision Russia
942 ## - ADDED ENTRY ELEMENTS (KOHA)
Source of classification or shelving scheme Dewey Decimal Classification
Koha item type Books
Suppress in OPAC No
Holdings
Withdrawn status Lost status Source of classification or shelving scheme Damaged status Not for loan Collection Home library Current library Shelving location Date acquired Total Checkouts Full call number Barcode Date last seen Copy number Price effective from Koha item type
    Dewey Decimal Classification     Juvenile Fiction Footprints International School Library Network Toul Tom Poung Campus Footprints International School Library Network Toul Tom Poung Campus TTP Primary Orange Bookshelves 11/26/2025   BAR 813.6 PZ7.B275677 S FISSE01160 11/26/2025 1 11/26/2025 Books